000 00488nam a2200157 4500
999 _c511668
_d511668
008 191003b ||||| |||| 00| 0 eng d
100 _aAutor, David et al
_911777
245 _aDisability benefits, consumption insurance, and household labor supply
260 _bAmerican Economic Review
300 _a109(7), Jul, 2019: p.2613-2654.
650 _aInsurance
_911778
650 _aConsumption
_911779
773 _aAmerican Economic Review
906 _aDisability
942 _2ddc
_cAR